| 000 | 00866nam a2200205 i 4500 | ||
|---|---|---|---|
| 001 | 84155 | ||
| 003 | ES-MaACL | ||
| 005 | 20231221170054.0 | ||
| 007 | t| | ||
| 008 | 041119s1917 sp ||||1| spa d | ||
| 110 | 2 |
_aAteneo de Sevilla. _92028 |
|
| 245 | 1 | 0 |
_aMemoria de los trabajos realizados durante el curso de 1915 a 1916 / _cescrita en cumplimiento de lo dispuesto en el artículo 38 del Reglamento y leída en la Junta General celebrada el día 15 de junio de 1916 por el secretario de la sociedad [José Mª Izquierdo]. |
| 260 |
_aSevilla : _bAteneo de Sevilla, _c1917 ( _fTip. de la Exposición) |
||
| 300 |
_a66 p. ; _c22 cm. |
||
| 700 | 1 |
_aIzquierdo y Martínez, José María, _d1886-1922 _965750 |
|
| 710 | 2 |
_aAteneo de Sevilla _j-Memorias. _92028 |
|
| 852 |
_aES-MaACL _j1535-F-13 |
||
| 852 |
_aES-MaACL _j1559-F-3 |
||
| 999 |
_c84155 _d84155 |
||